| 000 | 00000nam##2200000za#4500 |
| 001 | 9.668758 |
| 003 | CaOODSP |
| 005 | 20210615124400 |
| 007 | ta |
| 008 | 150407|2007||||xxc||||| f|0| 0 fre|d |
| 020 | |a978-0-662-69793-0 |
| 040 | |aCaOODSP|bfre |
| 041 | |aeng |
| 041 | |afre |
| 043 | |an-cn--- |
| 086 | 1 |aM144-122/2007 |
| 110 | 1 |aCanada.|bRessources naturelles Canada. |bOffice de l'efficacité énergétique. |
| 245 | 14|aUne maison neuve qui fait économiser |
| 260 | |aOttawa - Ontario : |bRessources naturelles Canada. |c2007. |
| 300 | |a1 feuille pliée (texte français, [4]p.) : |bphotographies ; |c22 cm. |
| 500 | |aEn tête du titre: écoÉNERGIE, une initiative d'écoACTION. |
| 563 | |aDépliant |
| 590 | |a07-41|b2007-10-12 |
| 691 | 07|aRendement énergétique|2gcpds |
| 691 | 07|aLogement|2gcpds |
| 776 | 0#|tUne maison neuve qui fait économiser |w(CaOODSP)9.634107 |
| 776 | 0#|tA new house that saves |w(CaOODSP)9.689710 |
| 791 | |tA new house that saves |eeng|w(CaOODSP)9.668757 |